000
00193 a2200097 4500
020
_a
9780452270541
041
_a
eng
100
_a
Napoleon Hills
245
_a
A year of growing rich
942
_c
K
999
_c
26625
_d
26625